000 00432nmm a2200157Ia 4500
008 251105s9999||||xx |||||||||||||||||und||
020 _a9789871518449
041 _aspa
100 _aCharras, Puqui
245 0 _aVoces del silencio
264 _a[Buenos Aires, Argentina] :
_bEduvim,
_c2009
300 _a84 páginas
650 _aLatin American poetry
856 _uhttps://public.digitaliapublishing.com/a/14513
942 _cCF
999 _c97249
_d97249